000 00728nam a22002417a 4500
003 dpl
005 20180806152747.0
008 180806b xxu||||| |||| 00| 0 eng d
010 _aB-092654
020 _a8174451730
_c495.00
035 _aB-092654, B-092656
037 _bCen Lib/Ret
040 _aDPL
_bEN
_c0
082 _a070.4
245 _aHandbook of journalism /
_cedited by M. S. Sharma
260 _aNew Delhi
_bMohit Publications
_c2002
270 _a4675/21 Ansari Road, Daryaganj
_bNew Delhi
_e110002
300 _av,224p.
_c22cm(Hb)
650 _aJournalism
_vHandbook
_9871
650 _aMass Communication
_vHandbook
_9872
700 _aSharma, M. S.
_9875
942 _2ddc
_cEN
_h070.4
_mHAN
999 _c122574
_d122574